| 000 | 00745nam a2200205 4500 | ||
|---|---|---|---|
| 008 | 041206s1995 miua b 000 0 eng | ||
| 020 | _a082544067X :USD12.99 | ||
| 090 |
_aBT891 _bV83z |
||
| 245 | 0 | 0 |
_aVital prophetic issues : _bexamining promises and problems in eschatology / _cRoy B. Zuck, general editor. |
| 260 |
_aGrand Rapids, MI : _bKregel Resources, _cc1995. |
||
| 300 |
_a293 p. : _bill. ; _c22 cm. |
||
| 490 | 1 |
_aVital issues series ; _vv. 5 |
|
| 504 | _aIncludes bibliographical references (p. 245-293). | ||
| 650 | 4 | _aDispensationalism. | |
| 650 | 4 | _aMillennialism. | |
| 650 | 4 |
_aProphecy _xChristianity. |
|
| 650 | 4 | _aProphets. | |
| 700 | 1 | _aZuck, Roy B. | |
| 951 |
_p20253 _x00006330 _oBT891/V83z _j070613111431140 _d2000-12-21 _cGC |
||
| 999 |
_c22048 _d22048 |
||